| 000 | 00339nam a2200121Ia 4500 | ||
|---|---|---|---|
| 008 | 230907s9999||||xx |||||||||||||| ||und|| | ||
| 082 | _a621.31921,GRE | ||
| 100 |
_aGreenwood, Allan, _964402 |
||
| 245 | 0 | _aElectrical transients in power systems | |
| 260 |
_aWiley Interscience, _bNew York : _c1991 |
||
| 300 | _axvi, 751 p. : | ||
| 942 | _cBK | ||
| 999 |
_c598140 _d598140 |
||